Vzdelávacia kampaň McDonald's
Presadenie sa firmy McDonald's na Slovensku. Komunikačná kampaň firmy v roku 1997 zameranej na posilnenie značky. Nové služby. Imidžová vzdelávacia kampaň. Prezentácia hodnôt firmy.
Guardado en:
| Autor principal: | |
|---|---|
| Formato: | Capítulo de libro |
| Lenguaje: | eslovaco |
| Materias: | |
| Etiquetas: |
Sin Etiquetas, Sea el primero en etiquetar este registro!
|
MARC
| LEADER | 00000naa a2200000 4500 | ||
|---|---|---|---|
| 001 | r026083 | ||
| 005 | 20230922094444.3 | ||
| 041 | 0 | |a slo | |
| 044 | |a SK | ||
| 245 | 1 | 0 | |a Vzdelávacia kampaň McDonald's |c M. Mazág |
| 520 | |a Presadenie sa firmy McDonald's na Slovensku. Komunikačná kampaň firmy v roku 1997 zameranej na posilnenie značky. Nové služby. Imidžová vzdelávacia kampaň. Prezentácia hodnôt firmy. | ||
| 610 | 2 | 0 | |a firmy |
| 610 | 2 | 0 | |a McDonald's |
| 610 | 2 | 0 | |a franchising |
| 610 | 2 | 0 | |a Slovensko |
| 610 | 2 | 0 | |a kampane reklamné |
| 610 | 2 | 0 | |a imidž |
| 100 | 1 | |a Mazág, M. | |